00622nam a2200193 a 450000100060000000300080000600500170001400800410003103500190007204000270009104100110011808200270012910000470015624500980020326000420030130000210034350400330036460000310039771411BD-RjUL20211209082117.0170503s1946 pk b 000 0beng  a(BD-RjUL)71627 aDLCcTxUdBD-RjULbeng1 aengara 223a907.2024bENI 19461 aʻInān, Muḥammad ʻAbd Allāh,d1896-10aIbn Khaldūn :bhis life and work /cby Mohammad Abdullah Enan ; Translated from the Arabic. aLahore :bSh. Muhammad Ashraf,c1946. a144 p. ;c22 cm. aBibliography: p. [190]-193.00aIbn Khaldūn,d1332-1406.